Cultura para principiantes
Un acercamiento a los grandes personajes de la historia cuyos pensamientos y hechos modificaron nuestra sociedad y cultura. Conocer el contexto de vida de grandes hombres como Einstein, Hegel, Gramsci, Keynes, Lévi-Strauss, Barthes y Bourdieu nos permite comprender cómo sus aportes, conceptos e idea...
Guardado en:
| Autor Principal: | |
|---|---|
| Autores Corporativos: | , |
| Otros Autores: | , |
| Formato: | |
| Idioma: | Undetermined |
| Publicado: |
Buenos Aires.
|
| Materias: | |
| Acceso en línea: | http://encuentro.gob.ar/programas/serie/8710 |
| Etiquetas: |
Agregar Etiqueta
Sin Etiquetas, Sea el primero en etiquetar este registro!
|
| LEADER | 01705ngm a22003255a 4500 | ||
|---|---|---|---|
| 001 | CEM.cems019831 | ||
| 008 | 221102s2014####ag#---############vlund#d | ||
| 005 | 20221103185321.0 | ||
| 245 | 1 | 0 | |a Cultura para principiantes |h [videograbación] / |c Diego Levy. |
| 260 | |a Buenos Aires. | ||
| 300 | |a 13'. | ||
| 538 | |a Soporte: DVD -- Formato: AVI y MP4 -- Peso: 1.71gb -- Resolución: 720 x 540 -- 25fps | ||
| 505 | 0 | |a 01. Sigmund Freud -- 02. Albert Einstein -- 03. Antonio Gramnsci -- 04. John Maynard Keynes -- 05. Pierre Bourdieu -- 06. Claude Lévi-Strauss -- 07. Roland Barthes -- Duración aproximada por capítulo 20 minutos. Duración total aproximada: 4 horas 20 minutos | |
| 520 | |a Un acercamiento a los grandes personajes de la historia cuyos pensamientos y hechos modificaron nuestra sociedad y cultura. Conocer el contexto de vida de grandes hombres como Einstein, Hegel, Gramsci, Keynes, Lévi-Strauss, Barthes y Bourdieu nos permite comprender cómo sus aportes, conceptos e ideas cambiaron los paradigmas vigentes en cada época. Se trata de una serie de difusión de Libros Para Principiantes. | ||
| 590 | |a Identificación anterior: 223 | ||
| 100 | 1 | |a Levy, Diego. | |
| 700 | 1 | |a Kreimer, Juan Pablo; Guion. | |
| 700 | 1 | |a Paredero, Hugo; Voz en off. | |
| 710 | 2 | |a Canal Encuentro. | |
| 710 | 2 | |a Once. | |
| 653 | |a CULTURA | ||
| 653 | |a SIGMUND FREUD | ||
| 653 | |a ALBERT EINSTEIN | ||
| 653 | |a ANTONIO GRAMSCI | ||
| 653 | |a JOHN MAYNARD KEYNES | ||
| 653 | |a PIERRE BOURDIEU | ||
| 653 | |a LEVI-STRAUSS | ||
| 653 | |a LIBROS PARA PRINCIPIANTES | ||
| 856 | |u http://encuentro.gob.ar/programas/serie/8710 | ||
| 859 | |a CEMS |b BIB. CEMS - Depto. Recursos Didacticos |h 920 |i LEV |k DRD |p 2921.22 |t Ej.1 | ||
